• 首页
  • 本馆介绍
  • 公告通知
  • 最新文献
  • 馆藏检索
  • 电子资源
  • 读者导购
  • 参考咨询
  • 我的图书馆
  • 登录
  • 详细信息显示
  • 放入我的书架
  • 预约/预借图书
  • 作者相关作品
  • 分类相关作品
  • 丛书相关作品
  • 出版社相关作品

书目信息

  • 表格格式
  • 工作单格式
  • 卡片格式
题名:
西点制作大全
    
 
作者: 王森 主编
分册:  
出版信息: 北京   中国纺织出版社  2012.06
页数: 127页
开本: 30cm
丛书名: 大厨必读系列
单 册:
中图分类: TS213.2
科图分类:
主题词: 西点--制作
电子资源:
ISBN: 978-7-5064-8507-4
000 00993nam0 2200277 450
001 313
005 20160906082824.78
010    @a978-7-5064-8507-4@dCNY58.00
100    @a20120720d2012 em y0chiy50 ea
101 0  @achi
102    @aCN@b110000
105    @ay z 000yy
200 1  @a西点制作大全@9xi dian zhi zuo da quan@f王森主编
210    @a北京@c中国纺织出版社@d2012.06
215    @a127页@c彩图@d30cm@e1光盘
225 2  @a大厨必读系列@9da chu bi du xi lie
300    @a附光盘一张
307    @a附光盘:ISBN 978-7-88310-168-0
330    @a本书从西点的起源、西点制作的基础知识讲起,介绍了七大类、百余种经典西点的制作方法。所有原料、工具都娓娓道来,助你做出完美无缺的西点来;每款西点都配有详细的步骤讲解,就好像西点大师在手把手给你传授制作秘籍。
333    @a对西点制作感兴趣的读者
461  0 @12001 @a大厨必读系列
606 0  @a西点@x制作
690    @aTS213.2@v4
701  0 @a王森@9wang sen@4主编
801  0 @aCN@b唐山师范学院图书馆@c20160721
905    @aZUCC@dTS213.2@e201
    
    西点制作大全/王森主编.-北京:中国纺织出版社,2012.06
    127页:彩图;30cm+1光盘.-(大厨必读系列)
    附光盘一张.-使用对象:对西点制作感兴趣的读者
    
    ISBN 978-7-5064-8507-4:CNY58.00
    本书从西点的起源、西点制作的基础知识讲起,介绍了七大类、百余种经典西点的制作方法。所有原料、工具都娓娓道来,助你做出完美无缺的西点来;每款西点都配有详细的步骤讲解,就好像西点大师在手把手给你传授制作秘籍。
●
相关链接 在E读中查询图书 在五车中查询图书 在当当中查询图书 在豆瓣中查询图书


正题名:西点制作大全     索取号:TS213.2/201         预约/预借

序号 登录号 条形码 馆藏地/架位号 状态 备注
1 901320   209013208   第二样本阅览室/ [索取号:TS213.2/201] 在馆    
2 901321   209013217   第三借阅区/ [索取号:TS213.2/201] 在馆    
3 901322   209013226   第三借阅区/ [索取号:TS213.2/201] 在馆    
4 901323   209013235   第三借阅区/ [索取号:TS213.2/201] 在馆    
5 901324   209013244   第三借阅区/ [索取号:TS213.2/201] 在馆    
唐山师范学院图书馆 欢迎您!
大连网信软件有限公司© 版权所有